LEADER 03593nam 2200733 450 001 9910808889403321 005 20230629171953.0 010 $a0-231-53763-8 024 7 $a10.7312/sche15902 035 $a(CKB)3710000000126682 035 $a(EBL)1708621 035 $a(SSID)ssj0001265463 035 $a(PQKBManifestationID)11748419 035 $a(PQKBTitleCode)TC0001265463 035 $a(PQKBWorkID)11243212 035 $a(PQKB)10331985 035 $a(DE-B1597)458496 035 $a(OCoLC)881417253 035 $a(OCoLC)984630176 035 $a(DE-B1597)9780231537636 035 $a(Au-PeEL)EBL1708621 035 $a(CaPaEBR)ebr10887370 035 $a(CaONFJC)MIL685437 035 $z(PPN)233900276 035 $a(PPN)203514955 035 $a(MiAaPQ)EBC1708621 035 $a(EXLCZ)993710000000126682 100 $a20140307h20142014 uy| 0 101 0 $aeng 135 $aurcnu|||||||| 181 $ctxt 182 $cc 183 $acr 200 10$aSpeculation, trading, and bubbles /$fJose? A. Scheinkman, with Kenneth J. Arrow [and three others] 205 $aPilot project. eBook available to selected US libraries only 210 1$aNew York :$cColumbia University Press,$d[2014] 210 4$d©2014 215 $a1 online resource (137 p.) 225 1 $aKenneth J. Arrow lecture series 300 $aDescription based upon print version of record. 311 $a1-322-54155-8 311 $a0-231-15902-1 320 $aIncludes bibliographical references and index. 327 $tFront matter --$tCONTENTS --$tForeword /$rArrow, Kenneth J. --$tAcknowledgments /$rStiglitz, Joseph E. --$tINTRODUCTION /$rStiglitz, Joseph E. --$tSPECULATION, TRADING, AND BUBBLES /$rScheinkman, José A. --$tAPPENDIX: A FORMAL MODEL --$tCOMMENTARY /$rBolton, Patrick --$tCOMMENTARY /$rGrossman, Sanford J. --$tCOMMENTARY /$rArrow, Kenneth J. --$tDISCUSSION --$tNotes --$tReferences --$tNotes on Contributors --$tIndex 330 $aAs long as there have been financial markets, there have been bubbles-those moments in which asset prices inflate far beyond their intrinsic value, often with ruinous results. Yet economists are slow to agree on the underlying forces behind these events. In this book José A. Scheinkman offers new insight into the mystery of bubbles. Noting some general characteristics of bubbles-such as the rise in trading volume and the coincidence between increases in supply and bubble implosions-Scheinkman offers a model, based on differences in beliefs among investors, that explains these observations. Other top economists also offer their own thoughts on the issue: Sanford J. Grossman and Patrick Bolton expand on Scheinkman's discussion by looking at factors that contribute to bubbles-such as excessive leverage, overconfidence, mania, and panic in speculative markets-and Kenneth J. Arrow and Joseph E. Stiglitz contextualize Scheinkman's findings. 410 0$aKenneth J. Arrow lecture series. 606 $aSpeculation$xHistory 606 $aInvestments$xHistory 606 $aCapital market$xHistory 606 $aStocks$xPrices$xHistory 615 0$aSpeculation$xHistory. 615 0$aInvestments$xHistory. 615 0$aCapital market$xHistory. 615 0$aStocks$xPrices$xHistory. 676 $a332.64/5 700 $aScheinkman$b Jose? Alexandre$0411428 702 $aArrow$b Kenneth J. 801 0$bMiAaPQ 801 1$bMiAaPQ 801 2$bMiAaPQ 906 $aBOOK 912 $a9910808889403321 996 $aSpeculation, trading, and bubbles$94037065 997 $aUNINA LEADER 04567oas 2201741 n 450 001 9910144226703321 005 20250805185452.0 011 $a2160-0325 024 7 $aK10 035 $a(DE-599)ZDB2067348-6 035 $a(OCoLC)39082344 035 $a(CONSER) 2004236887 035 $a(CKB)954925462162 035 $a(EXLCZ)99954925462162 100 $a19980507a19739999 uy a 101 0 $aeng 135 $aurmnu|||||||| 181 $ctxt$2rdacontent 182 $cc$2rdamedia 183 $acr$2rdacarrier 200 14$aThe journal of criminal law & criminology 210 $aBaltimore, Md. $cWilliams & Wilkins Co.$d1973- 215 $a1 online resource 300 $aRefereed/Peer-reviewed 300 $aTitle from title screen (JSTOR, viewed July 14, 2004). 300 $aImprint varies; published: Chicago, Ill. : Northwestern University School of Law, 1981- 311 08$a0091-4169 517 3 $aJournal of criminal law and criminology 517 1 $aJ. Crim. L. & Criminology 606 $aCriminal law$zUnited States$vPeriodicals 606 $aCrime$zUnited States$vPeriodicals 606 $aCriminology 606 $aLegislation$vPeriodicals 606 $aCriminology 606 $aLegislation as Topic 606 $aCriminal Law$vPeriodicals 606 $aCrime$vPeriodicals 606 $aLe?gislation$vPe?riodiques 606 $aDroit pe?nal$zE?tats-Unis$vPe?riodiques 606 $aCriminalite?$zE?tats-Unis$vPe?riodiques 606 $aCriminologie 606 $acriminology$2aat 606 $aPrawo kryminalne$2dbn 606 $aLegislation$2fast$3(OCoLC)fst00995636 606 $aCriminology$2fast$3(OCoLC)fst00883566 606 $aCrime$2fast$3(OCoLC)fst00882984 606 $aCriminal law$2fast$3(OCoLC)fst00883328 606 $aCriminal law$zUnited States$vPeriodicals$2nli 606 $aCrime$zUnited States$vPeriodicals$2nli 606 $aCriminology$vPeriodicals$2nli 606 $aCriminologie$2rasuqam 606 $aDroit criminel$2rasuqam 607 $aStany Zjednoczone$2dbn 607 $aUnited States$2fast$1https://id.oclc.org/worldcat/entity/E39PBJtxgQXMWqmjMjjwXRHgrq 607 $aE?tats-Unis$2rasuqam 608 $aPeriodical. 608 $aperiodicals.$2aat 608 $aCzasopismo prawnicze.$2dbn 608 $aPeriodicals.$2fast 608 $aPeriodicals.$2lcgft 608 $aPe?riodique e?lectronique (Descripteur de forme)$2rasuqam 608 $aRessource Internet (Descripteur de forme)$2rasuqam 608 $aPe?riodiques.$2rvmgf 615 0$aCriminal law 615 0$aCrime 615 0$aCriminology. 615 0$aLegislation 615 2$aCriminology. 615 2$aLegislation as Topic. 615 4$aCriminal Law 615 4$aCrime 615 6$aLe?gislation 615 6$aDroit pe?nal 615 6$aCriminalite? 615 6$aCriminologie. 615 7$acriminology. 615 7$aPrawo kryminalne. 615 7$aLegislation. 615 7$aCriminology. 615 7$aCrime. 615 7$aCriminal law. 615 7$aCriminal law 615 7$aCrime 615 7$aCriminology 615 17$aCriminologie. 615 17$aDroit criminel. 676 $a345 801 0$bFGA 801 1$bFGA 801 2$bOCL 801 2$bOCLCQ 801 2$bGUL 801 2$bOCLCQ 801 2$bEYM 801 2$bHUL 801 2$bDOS 801 2$bUQ1 801 2$bDLC 801 2$bOCLCQ 801 2$bOCLCO 801 2$bOCLCQ 801 2$bOCLCF 801 2$bOCLCO 801 2$bOCLCQ 801 2$bDEBBG 801 2$bB3G 801 2$bCSU 801 2$bDYJ 801 2$bOCLCQ 801 2$bU3W 801 2$bOCLCO 801 2$bGILDS 801 2$bAU@ 801 2$bWYU 801 2$bOCLCO 801 2$bOCLCA 801 2$bNJT 801 2$bAUD 801 2$bOCLCE 801 2$bSUC 801 2$bFJM 801 2$bNUI 801 2$bFIE 801 2$bWT2 801 2$bNTG 801 2$bCEF 801 2$bOCLCO 801 2$bSFB 801 2$bUKBTH 801 2$bVT2 801 2$bUHL 801 2$bOCLCA 801 2$bREC 801 2$bUEJ 801 2$bSRU 801 2$bEZC 801 2$bQGK 801 2$bS2H 801 2$bOCLCO 801 2$bOCLCQ 801 2$bOCL 801 2$bUAB 801 2$bIOY 801 2$bOCLCL 906 $aJOURNAL 912 $a9910144226703321 996 $aThe journal of criminal law & criminology$92028920 997 $aUNINA